The no-nonsense guide to water / (Record no. 20145)

MARC details
000 -LEADER
fixed length control field 00549nam a22002057a 4500
003 - CONTROL NUMBER IDENTIFIER
control field OSt
008 - FIXED-LENGTH DATA ELEMENTS--GENERAL INFORMATION
fixed length control field 240122b2004 |||||||| |||| 00| 0 eng d
020 ## - INTERNATIONAL STANDARD BOOK NUMBER
International Standard Book Number 1844675092
082 ## - DEWEY DECIMAL CLASSIFICATION NUMBER
Classification number 363.61
Item number BLA-N
100 ## - MAIN ENTRY--PERSONAL NAME
Personal name Black, Maggie
245 ## - TITLE STATEMENT
Title The no-nonsense guide to water /
Statement of responsibility, etc Maggie Black.
260 ## - PUBLICATION, DISTRIBUTION, ETC. (IMPRINT)
Place of publication, distribution, etc UK :
Name of publisher, distributor, etc Verso ,
Date of publication, distribution, etc 2004.
300 ## - PHYSICAL DESCRIPTION
Extent / Pages 144 p. ;
650 ## - SUBJECT ADDED ENTRY--TOPICAL TERM
Topical term or geographic name as entry element Water-supply
650 ## - SUBJECT ADDED ENTRY--TOPICAL TERM
Topical term or geographic name as entry element Water resources development
650 ## - SUBJECT ADDED ENTRY--TOPICAL TERM
Topical term or geographic name as entry element Water-supply-Political aspects
650 ## - SUBJECT ADDED ENTRY--TOPICAL TERM
Topical term or geographic name as entry element Water
650 ## - SUBJECT ADDED ENTRY--TOPICAL TERM
Topical term or geographic name as entry element Water-supply-Economic aspects
942 ## - ADDED ENTRY ELEMENTS (KOHA)
Source of classification or shelving scheme
Koha item type Books
Holdings
Withdrawn status Lost status Source of classification or shelving scheme Damaged status Not for loan Home library Current library Date acquired Currency Cost, normal purchase price Total Checkouts Full call number Barcode Date last seen Copy number Bill Date Koha item type
          SOBD Library SOBD Library 22/01/2024 INR 98.00   363.61 BLA-N1 SD1793 22/01/2024 1 22/01/2024 Books
Hosted, Implemented, Customized & Maintained by: BestBookBuddies

Powered by Koha